Mechanics and thermomechanics of rubberlike solids

Spremljeno u:
Bibliografski detalji
Glavni autor: Saccomandi, Giuseppe
Format: Knjiga
Jezik:Undetermined
Izdano: New York SpringerWien 2004
Teme:
Oznake: Dodaj oznaku
Bez oznaka, Budi prvi tko označuje ovaj zapis!
Thư viện lưu trữ: Trung tâm Học liệu Trường Đại học Cần Thơ
LEADER 00519nam a2200193Ia 4500
001 CTU_94679
008 210402s9999 xx 000 0 und d
020 |c 88.20 
082 |a 531.15 
082 |b S119 
100 |a Saccomandi, Giuseppe 
245 0 |a Mechanics and thermomechanics of rubberlike solids 
245 0 |c Giuseppe Saccomandi 
260 |a New York 
260 |b SpringerWien 
260 |c 2004 
650 |a Physics,Solids 
904 |i Trúc 
980 |a Trung tâm Học liệu Trường Đại học Cần Thơ